Largest Cities in Alaska - Statistics

General Stats
  • This quiz has been taken 12 times
  • The average score is 7 of 20
Answer Stats
Population City % Correct
292,545 Anchorage
92%
33,018 Fairbanks
92%
32,240 Juneau
92%
8,518 Sitka
75%
9,098 Wasilla
58%
7,452 Kenai
50%
8,150 Ketchikan
50%
5,978 Palmer
50%
6,273 Bethel
33%
19,226 Badger
25%
11,797 College
25%
18,282 Knik-Fairview
25%
10,314 Tanaina
17%
6,305 Gateway
8%
8,428 Kalifornsky
8%
8,367 Meadow Lakes
8%
9,941 North Lakes
8%
6,421 South Lakes
8%
7,399 Steele Creek
8%
6,016 Sterling
8%
No matching quizzes found
Score Distribution
Percent of People with Each Score
Percentile by Number Answered
Your Score History
You have not taken this quiz